000 00664nam a2200205 4500
001 132737
003 ES-MaACL
005 20230906194234.0
007 t|
008 070214s1960 sp r ||||1| spa d
100 1 _aRosell, José María.
_999683
245 1 0 _aManual de análisis lactológicos y fabricación de quesos y mantecas /
_cJosé María Rosell, José Gómez.
260 _aLa Coruña :
_bTrofos,
_c1960.
300 _aXXII, 604 p. :
_bil. ;
_c23 cm.
650 4 _aIndustria láctea.
_9136266
650 4 _aQuesos-
_xElaboración.
_9171617
650 4 _aProductos lácteos.
_9145034
700 1 _aGómez, José.
_957770
852 _aES-MaACL
_jC-17209
999 _c132737
_d132737